000
00243nam a22000977a 4500
008
230606b xxu||||| |||| 00| 0 eng d
082
_a
342.629
_b
CON
245
_a
The Interim Constitution Of Southern Sudan, 2005
300
_a
92 P
942
_2
ddc
_c
BK
999
_c
661
_d
661